ELEMENTS OF SUPERVISION (Record no. 585551)
[ view plain ]
| 000 -LEADER | |
|---|---|
| fixed length control field | 00307nam a22001217a 4500 |
| 082 ## - DEWEY DECIMAL CLASSIFICATION NUMBER | |
| Classification number | 658.407 SPR'E |
| 100 ## - MAIN ENTRY--PERSONAL NAME | |
| Personal name | SCHULZ, EDWARD,SPRIEGEL, WILLIAM B,SPRIEGEL, WILLIAM R |
| 9 (RLIN) | 80655 |
| 245 ## - TITLE STATEMENT | |
| Title | ELEMENTS OF SUPERVISION |
| 250 ## - EDITION STATEMENT | |
| Edition statement | 2ND |
| 260 ## - PUBLICATION, DISTRIBUTION, ETC. | |
| Place of publication, distribution, etc. | NEWYORK |
| Name of publisher, distributor, etc. | JOHN WILEY |
| Date of publication, distribution, etc. | 1957 |
| 300 ## - PHYSICAL DESCRIPTION | |
| Extent | 349P |
| 942 ## - ADDED ENTRY ELEMENTS (KOHA) | |
| Koha item type | Book |
| Withdrawn status | Lost status | Damaged status | Not for loan | Permanent Location | Current Location | Shelving location | Date acquired | Total Checkouts | Full call number | Barcode | Date last seen | Price effective from | Koha item type |
|---|---|---|---|---|---|---|---|---|---|---|---|---|---|
| College of Electrical & Mechanical Engineering (CEME) | College of Electrical & Mechanical Engineering (CEME) | General Stacks | 07/10/2017 | 658.407 SPR'E | CEME-4860 | 06/28/2021 | 06/28/2021 | Book |
